000 00529nam a2200181Ia 4500
001 21144
005 20260306172857.0
008 260306t2007||||xx |||||||||||||| ||spa||
041 _aESP
082 _a344C4
_bE36
100 _aQuispe Chávez, Gustavo (col.)
_eAUT
245 0 _aEl código penal en su jurisprudencia :
_bsentencias vinculadas con los artículos y figuras jurídicas del código penalo
260 _c2007
300 _a709 páginas :
_c24 cm.
650 _aGEN
654 _aCDE
942 _cLIB
_dJUS
_fJUS
_2ddc
_n
999 _c21144
_d21144